| 000 | 00351nam a22001457a 4500 | ||
|---|---|---|---|
| 003 | OSt | ||
| 005 | 20170105103446.0 | ||
| 008 | 131203t xxu||||| |||| 00| 0 eng d | ||
| 020 | _a978-0-07-026223-2 | ||
| 040 | _cASAB | ||
| 100 |
_aGeorge Pinchuk _9377 |
||
| 245 | _aSchaum's outlines Immunology | ||
| 260 | _bThe McGraw-Hill companies | ||
| 942 |
_2ddc _cBK |
||
| 999 |
_c16647 _d16647 |
||